| 000 -CABECERA |
| campo de control de longitud fija |
01060nam a2200277 a 4500 |
| 001 - NÚMERO DE CONTROL |
| campo de control |
000081413 |
| 005 - FECHA Y HORA DE LA ÚLTIMA TRANSACCIÓN |
| campo de control |
20200120224529.0 |
| 008 - DATOS DE LONGITUD FIJA--INFORMACIÓN GENERAL |
| campo de control de longitud fija |
161121s2014 ck d|||e n||| 001 edspa d |
| 020 ## - NÚMERO INTERNACIONAL ESTÁNDAR DEL LIBRO |
| Número Internacional Estándar del Libro |
9789588806488 |
| 041 0# - CÓDIGO DE LENGUA |
| Código de lengua del texto/banda sonora o título independiente |
/#spa |
| 043 ## - CÓDIGO DE ÁREA GEOGRÁFICA |
| Código de área geográfica |
s-ck--- |
| 082 04 - NÚMERO DE LA CLASIFICACIÓN DECIMAL DEWEY |
| Número de clasificación |
303.609861 |
| Número de documento/Ítem |
G87 |
| Número de edición |
21 |
| 100 1# - ENTRADA PRINCIPAL--NOMBRE DE PERSONA |
| Nombre de persona |
Gutiérrez Sanín, Francisco |
| 245 13 - MENCIÓN DE TÍTULO |
| Título |
El orangután con sacoleva : |
| Resto del título |
cien años de democracia y represión en Colombia (1910-2010) / |
| Mención de responsabilidad, etc. |
Francisco Gutiérrez Sanín ; diseño de carátula Diego Martínez Celis. |
| 250 ## - MENCIÓN DE EDICIÓN |
| Mención de edición |
1a. ed. |
| 260 ## - PUBLICACIÓN, DISTRIBUCIÓN, ETC. |
| Lugar de publicación, distribución, etc. |
Bogotá : |
| Nombre del editor, distribuidor, etc. |
Penguin Random House Grupo Editorial, |
| Fecha de publicación, distribución, etc. |
2014. |
| 300 ## - DESCRIPCIÓN FÍSICA |
| Extensión |
527 páginas. : |
| Otras características físicas |
gráficas. |
| 490 #0 - MENCIÓN DE SERIE |
| Mención de serie |
Biblioteca IEPRI 25 años |
| 500 ## - NOTA GENERAL |
| Nota general |
Incluye índice y anexos |
| 504 ## - NOTA DE BIBLIOGRAFÍA, ETC. |
| Nota de bibliografía, etc. |
Referencias bibliográficas p. 491-527 |
| 650 17 - PUNTO DE ACCESO ADICIONAL DE MATERIA--TÉRMINO DE MATERIA |
| Término de materia o nombre geográfico como elemento de entrada |
Política |
| Subdivisión geográfica |
Colombia |
| Fuente del encabezamiento o término |
LEMB |
| 650 27 - PUNTO DE ACCESO ADICIONAL DE MATERIA--TÉRMINO DE MATERIA |
| Término de materia o nombre geográfico como elemento de entrada |
Violencia Política |
| Subdivisión geográfica |
Colombia |
| Fuente del encabezamiento o término |
LEMB |
| 650 27 - PUNTO DE ACCESO ADICIONAL DE MATERIA--TÉRMINO DE MATERIA |
| Término de materia o nombre geográfico como elemento de entrada |
Terrorismo Política |
| Subdivisión geográfica |
Colombia |
| Fuente del encabezamiento o término |
LEMB |
| 650 27 - PUNTO DE ACCESO ADICIONAL DE MATERIA--TÉRMINO DE MATERIA |
| Término de materia o nombre geográfico como elemento de entrada |
Colombia |
| Subdivisión general |
Aspectos sociales |
| Subdivisión cronológica |
1910-2010 |
| Subdivisión geográfica |
Colombia |
| Fuente del encabezamiento o término |
LEMB |
| 700 1# - PUNTO DE ACCESO ADICIONAL--NOMBRE DE PERSONA |
| Nombre de persona |
Martínez Celis, Diego, |
| Títulos y otros términos asociados al nombre |
diseñador de carátula |